000 00364nam a2200133Ia 4500
008 240624s9999 xx 000 0 und d
041 _aeng
082 _a300.72 NEE
100 _aNEERGAARD HELLE
245 _aHANDBOOK OF QUALITATIVE RESEARCH METHODS IN E
260 _c2008
_aUnited Kingdom
_bEdward Elgar
300 _axvi, : 499 : p. : cm. ; 23
365 _c
_b30
999 _c26973
_d26973